| 000 | 00837nam a2200241Ia 4500 | ||
|---|---|---|---|
| 008 | 210303s9999 xx 000 0 und d | ||
| 016 | _2reto2022b | ||
| 020 | _a0262081369 | ||
| 040 |
_aNLN _bEnglish _eAACR2 |
||
| 050 |
_aDS36.85 _b.G331 1983 |
||
| 082 | _a909.097671 | ||
| 100 |
_aJohn S. Badeau ... [et al.] _eaut _958104 |
||
| 245 | 4 |
_aThe GENIUS of Arab civilization : _bsource of Renaissance / _cJohn S. Badeau ... [et al.], edited by John Richards Hayes |
|
| 250 | _a2nd ed. | ||
| 260 |
_aMassachusetts : _bThe M.I.T Press, _c1983 |
||
| 300 |
_ax, 260p. : _bill., col. ports. ; 31cm |
||
| 500 | _aIncludes bibliographical references | ||
| 563 | _a(cased) | ||
| 650 |
_aCivilization, Islamic _942678 |
||
| 700 |
_aHayes, John Richard, _d1933- _eedt _958105 |
||
| 700 |
_aBadeau, John S. ... [et al.] _958106 |
||
| 942 |
_n0 _cBK |
||
| 999 |
_c21200 _d21200 |
||